Condemned without a trial: bogus arguments against bilingual education
Salvato in:
| Autore principale: | |
|---|---|
| Natura: | Libro |
| Lingua: | inglese |
| Pubblicazione: |
Portsmouth
Heinemann
1999
|
| Soggetti: | |
| Tags: |
Aggiungi Tag
Nessun Tag, puoi essere il primo ad aggiungerne!!
|
MARC
| LEADER | 00000nam a2200000 a 4500 | ||
|---|---|---|---|
| 001 | UCM4793 | ||
| 003 | CL-VaPUC | ||
| 008 | 020906e19990000UK |||||||||||||||||eng|d | ||
| 082 | 0 | 4 | |a 370.1175 |b KRA |2 21 |
| 100 | |a Krashen, Stephen D |e author |9 560902 | ||
| 245 | 1 | 0 | |a Condemned without a trial: bogus arguments against bilingual education |
| 300 | |a 110 p | ||
| 942 | |c BK | ||
| 945 | |d 20020906 00:00:00 |a vberengu | ||
| 260 | |a Portsmouth |b Heinemann |c 1999 | ||
| 650 | 0 | |a Educación bilingüe |9 311405 | |
| 650 | 0 | |a Adquisición del lenguaje |9 309032 | |
| 650 | 0 | |a Educación lingüística |9 306506 | |
| 583 | |a last modification |c 20020906 00:00:00 |k Rodrigo Vera | ||
| 999 | |c 301262 |d 301260 | ||
| 952 | |0 0 |1 0 |4 0 |6 370_117500000000000_KRA_1999 |7 0 |8 A |9 360057 |a FDOPOS |b FDOPOS |d 2019-11-21 |i 3841618 |o 370.1175 KRA 1999 |p 3841618 |r 2022-07-20 |w 2019-11-21 |y BK |k MLA | ||